| 000 | 00823nam a22001937a 4500 | ||
|---|---|---|---|
| 999 |
_c8479 _d8479 |
||
| 003 | AR-CdUCM | ||
| 008 | 190325b ||||| |||| 00| 0 spa d | ||
| 040 |
_aMUNICIPALIDAD PROVINCIAL DEL CUSCO _cBIBLIOTECA MUNICIPAL DEL CUSCO |
||
| 082 |
_a353.017 / _bC28 |
||
| 100 |
_aCastañeda Santos, Victoriano _98545 |
||
| 245 | _aManual para el abastecimiento de bienes y servicios / | ||
| 260 |
_aLima : _bCepreaccsa, _c2003. |
||
| 300 |
_a605 páginas ; _c20 cm. |
||
| 505 | _aLa administración científica -- Marco conceptual del sistema -- Sistema de abastecimiento -- Normas generales vigentes -- Interrelación de los procesos técnicos del sistema de abastecimiento con otros sistemas ... | ||
| 650 |
_asistema administrativo _98938 |
||
| 650 |
_aAutoridad y responsabilidad _923777 |
||
| 942 |
_2ddc _cLIBROS |
||
| 945 | _aacv | ||